00376 a2200097 4500001001000000005001700010008004100027245010700068100002800175773007500203ART_3407920260410161821.0260409a 10aAlgunos pronunciamientos jurisprudenciales de interés luego de 17 años de vigencia de la ley 247691 aSemachowicz, Esteban D.0 tDoctrina Penal Tributaria y Económicag- Nº 37 (sep. 2015)wREV4317